| Tag |
First Indicator |
Second Indicator |
Subfields |
| LEADER |
00000cam a2200000Ia 4500 |
| 001 |
in00004534813 |
| 005 |
20150715093608.0 |
| 008 |
981124s1998 sw a bm 000 0 eng d |
| 016 |
7 |
|
|a 014645082
|2 Uk
|
| 020 |
|
|
|a 9157654441
|
| 020 |
|
|
|a 9789157654441
|
| 035 |
|
|
|a (OCoLC)ocm40390298
|
| 035 |
|
|
|a (OCoLC)40390298
|
| 035 |
|
|
|z (UtOrBLW)69931
|
| 035 |
|
|
|a 97860
|
| 040 |
|
|
|a IWA
|c IWA
|d AGL
|d OCLCQ
|d UKMGB
|d UtOrBLW
|
| 049 |
|
|
|a TMVM
|
| 060 |
|
4 |
|a SF 768.2.D6
|b R842s 1998
|
| 070 |
0 |
|
|a SF615.A28
|b no.37
|
| 082 |
0 |
4 |
|a 636.089
|
| 100 |
1 |
|
|a Rota, Alessandra.
|
| 245 |
1 |
0 |
|a Studies on preservation, capacitation and fertility of dog spermatozoa /
|c Alessandra Rota.
|
| 264 |
|
1 |
|a Uppsala :
|b Swedish University of Agricultural Sciences,
|c 1998.
|
| 300 |
|
|
|a 1 volume (various pagings) :
|b illustrations ;
|c 24 cm.
|
| 336 |
|
|
|a text
|b txt
|2 rdacontent
|
| 337 |
|
|
|a unmediated
|b n
|2 rdamedia
|
| 338 |
|
|
|a volume
|b nc
|2 rdacarrier
|
| 490 |
1 |
|
|a Acta Universitatis Agriculturae Sueciae. Veterinaria,
|x 1401-6257 ;
|v 37
|
| 500 |
|
|
|a Thesis statement in Swedish and English abstract inserted.
|
| 502 |
|
|
|b doctoral
|c Swedish University of Agricultural Sciences
|d 1998.
|
| 504 |
|
|
|a Includes bibliographical references.
|
| 650 |
|
0 |
|a Dogs
|x Reproduction.
|
| 650 |
|
0 |
|a Dogs
|x Fertility.
|
| 650 |
|
0 |
|a Dogs
|x Spermatozoa.
|
| 650 |
|
0 |
|a Frozen semen
|x Analysis.
|
| 650 |
|
0 |
|a Fertilization in vitro.
|
| 830 |
|
0 |
|a Acta Universitatis Agriculturae Sueciae.
|p Veterinaria ;
|v 37.
|x 1401-6257
|
| 999 |
|
|
|a MARS
|
| 999 |
f |
f |
|s c6726418-83c0-32e9-9a79-e0349261972f
|i 2163087b-830d-3ba4-9c32-d95d18fe5411
|t 0
|
| 952 |
f |
f |
|p storage
|a Texas A&M University
|b J.J. Pickle Campus
|c High Density Repository
|d Remote Storage
|t 0
|e SF 768.2.D6 R842s 1998
|h National Library of Medicine classification
|i unmediated -- volume
|m 3238902534545
|
| 998 |
f |
f |
|a SF 768.2.D6 R842s 1998
|t 0
|l Remote Storage
|